000 00342nam a2200133Ia 4500
008 100328s9999 xx 000 0 und d
082 _b59647
100 _aफडके गीता.
245 _aरेशीमबंा.
260 _b---
630 _aरेशीमबंा.
730 _aरेशीमबंा.
942 _cBOOK
999 _c545853
_d545850